00549nam a2200193 a 4500001001300000003000900013005001700022008004100039020002300080082001800103100002600121245005700147260004000204300000900244500003500253505001000288650003100298700002600329nice12345678IN_TiNIC20260116014138.0050524s2004 newa grp 000 0 eng  a8125060 c25000a954.5487bBAN aBandyopadhyay, Sekhar aFrom Plassey to Partition, a History of Modern India aNew Delhi bOrient Blackswan c2004 a528p aincludes index and biblioraphy2 aIndex aIndia-History 19th Century1 aBandyopadhyay, Sekhar